Normal view
MARC view
- 3. D Sound for Virtual Reality and Multimedia
Entry Topical Term
001 - CONTROL NUMBER
- control field: 127110
003 - CONTROL NUMBER IDENTIFIER
- control field: NUST
005 - DATE AND TIME OF LATEST TRANSACTION
- control field: 20241212144539.0
008 - FIXED-LENGTH DATA ELEMENTS
- fixed length control field: 241212|| aca||aabn | a|a d
040 ## - CATALOGING SOURCE
- Original cataloging agency: NUST
- Transcribing agency: NUST
150 ## - HEADING--TOPICAL TERM
- Topical term or geographic name entry element: 3. D Sound for Virtual Reality and Multimedia
670 ## - SOURCE DATA FOUND
- Source citation: Work cat.: (NUST): Durand R. Begault 127109, 3. D Sound for Virtual Reality and Multimedia, 1994.
